000 00507pam a2200157a 44500
008 230515b2004 xxu||||| |||| 00| 0 eng d
020 _a0-9749632-0-8
041 _aENGLISH
082 _a728
100 _aBIRNBAUM .C.A.
245 _a"PRESERVING MODERN LANDSCAPE ARCHITECTUREII,MAKING POSTWAR LANDSCAPES VISIBLE"
250 _a1
260 _aWASHINGTON
_b"SPACEMAKER PRESS,WASHINGTON"
_c2004
300 _a128
650 _a"PRESERVING MODERN LANDSCAPE ARCHITECTUREII,MAKING POSTWAR LANDSCAPES VISIBLE"
999 _c477848
_d477848